О глубинном разломе на северо-востоке Западно-Сибирской низменности в связи с геологическим строением и проблемой ее нефтегазоносности; Известия вузов. Нефть и газ; № 11

Xehetasun bibliografikoak
Parent link:Известия вузов. Нефть и газ.— , 1958-1992
№ 11.— 1965.— С. 9-12
Egile nagusia: Гуляев С. Н.
Hizkuntza:errusiera
Argitaratua: 1965
Gaiak:
Formatua: Liburu kapitulua
KOHA link:https://koha.lib.tpu.ru/cgi-bin/koha/opac-detail.pl?biblionumber=583325

MARC

LEADER 00000naa2a2200000 4500
001 583325
005 20231101130958.0
035 |a (RuTPU)RU\TPU\prd\284161 
035 |a RU\TPU\tpu\2144 
090 |a 583325 
100 |a 20190412a1965 k y0rusy50 ca 
101 0 |a rus 
102 |a RU 
200 1 |a О глубинном разломе на северо-востоке Западно-Сибирской низменности в связи с геологическим строением и проблемой ее нефтегазоносности  |f С. Н. Гуляев 
320 |a Библиогр.: 8 назв. 
461 |0 (RuTPU)RU\TPU\prd\783  |t Известия вузов. Нефть и газ  |d 1958-1992 
463 |0 (RuTPU)RU\TPU\prd\118931  |t № 11  |v С. 9-12  |d 1965 
610 1 |a геолого-географические науки 
610 1 |a труды учёных ТПУ 
700 1 |a Гуляев  |b С. Н. 
801 0 |a RU  |b 63413507  |c 20011210  |g PSBO 
801 2 |a RU  |b 63413507  |c 20190412  |g PSBO 
942 |c BK